Normal view MARC view

Entry Personal Name

Number of records used in: 1

001 - CONTROL NUMBER

  • control field: 82783

003 - CONTROL NUMBER IDENTIFIER

  • control field: dpl

005 - DATE AND TIME OF LATEST TRANSACTION

  • control field: 20250708145107.0

008 - FIXED-LENGTH DATA ELEMENTS

  • fixed length control field: 250708|| aca||aabn | a|a d

040 ## - CATALOGING SOURCE

  • Original cataloging agency: dpl
  • Transcribing agency: dpl

100 ## - HEADING--PERSONAL NAME

  • Personal name: Kaushik, Dinesh Kumar

670 ## - SOURCE DATA FOUND

  • Source citation: Work cat.: (dpl)209362: Kaushik, Dinesh Kumar , Current Trends in Library and Information Science/, 2023

© Delhi Public Library
Hit Counter
free hit counter